Data driven systems modeling
Αποθηκεύτηκε σε:
| Κύριος συγγραφέας: | |
|---|---|
| Μορφή: | Βιβλίο |
| Γλώσσα: | English French |
| Δημοσίευση: |
Englewood Cliffs, NJ : Paris :
Prentice Hall, Masson,
c1992
|
| Θέματα: | |
| Ετικέτες: |
Προσθήκη ετικέτας
Δεν υπάρχουν, Καταχωρήστε ετικέτα πρώτοι!
|
MARC
| LEADER | 00000cam a2200000 i 4500 | ||
|---|---|---|---|
| 001 | 1/20215 | ||
| 008 | 930824s1992 eng d | ||
| 020 | |a 0132011794 | ||
| 035 | |l 10021509 | ||
| 040 | |a GR-MY-UA |b gre |e aacr | ||
| 041 | 1 | |a eng |h fre | |
| 082 | 0 | |a 004 |2 (20) | |
| 100 | 1 | |a Planche, Remi. | |
| 245 | 1 | 0 | |a Data driven systems modeling / |c Remi Planche |
| 260 | |a Englewood Cliffs, NJ : |a Paris : |b Prentice Hall, |b Masson, |c c1992 | ||
| 300 | |a xix, 220 p.; |b ill.; |c 23 cm | ||
| 500 | |a Translation of: Maitriser le modelisation conceptuelle | ||
| 504 | |a Includes bibliographical references (p. 209-210) and index | ||
| 650 | 0 | 0 | |a Electronic data processing. |
| 650 | 0 | 0 | |a System analysis. |
| 852 | |a INST |b CHIOS |e 19930824 |h 004 PLA |p 005200006750 |q 005200006750 |t BK |y 0 | ||
| 909 | |a Χ |b 024101 | ||